Celestial charts made at the Litchfield observatory of Hamilton college , Clinton ,New York (Record no. 465)

MARC details
000 -LEADER
fixed length control field 00543nam a2200169Ia 4500
003 - CONTROL NUMBER IDENTIFIER
control field IN-BaIIA
005 - DATE AND TIME OF LATEST TRANSACTION
control field 20250704153254.0
008 - FIXED-LENGTH DATA ELEMENTS--GENERAL INFORMATION
fixed length control field 211028s9999 xx 000 0 eng d
040 ## - CATALOGING SOURCE
Transcribing agency IIA Library
080 ## - UNIVERSAL DECIMAL CLASSIFICATION NUMBER
Universal Decimal Classification number 521.1(084)
Item number PET
100 ## - MAIN ENTRY--PERSONAL NAME
Personal name Peters, C. H. J.
9 (RLIN) 1073
245 #0 - TITLE STATEMENT
Title Celestial charts made at the Litchfield observatory of Hamilton college , Clinton ,New York
Statement of responsibility, etc. C. H. J. Peters
260 ## - PUBLICATION, DISTRIBUTION, ETC.
Place of publication, distribution, etc. New York
650 ## - SUBJECT ADDED ENTRY--TOPICAL TERM
Topical term or geographic name entry element Celestial charts
9 (RLIN) 1074
650 ## - SUBJECT ADDED ENTRY--TOPICAL TERM
Topical term or geographic name entry element Hamilton
9 (RLIN) 1075
942 ## - ADDED ENTRY ELEMENTS (KOHA)
Koha item type Books
Source of classification or shelving scheme Dewey Decimal Classification
Holdings
Withdrawn status Lost status Source of classification or shelving scheme Damaged status Not for loan Home library Current library Shelving location Date acquired Total Checkouts Full call number Barcode Date last seen Price effective from Koha item type Purchase Price
    Dewey Decimal Classification     IIA Library-Bangalore IIA Library-Kodaikanal General Stacks     521.1(084)/ PET 477 05/11/2021   Books  

Powered by Koha